| Tag |
First Indicator |
Second Indicator |
Subfields |
| LEADER |
00000pam a2200000 a 4500 |
| 001 |
in00000075844 |
| 005 |
20151008054859.0 |
| 008 |
810504s1981 maua b 00110 eng |
| 010 |
|
|
|a 81008123
|
| 020 |
|
|
|a 026268036X (pbk.)
|
| 035 |
|
|
|a (OCoLC)07555582
|
| 035 |
|
|
|9 AAJ1947AM
|
| 039 |
0 |
|
|a 2
|b 3
|c 3
|d 3
|e 3
|
| 040 |
|
|
|a DLC
|c DLC
|d TXA
|d UtOrBLW
|
| 049 |
|
|
|a TXAM
|c [933036]
|
| 050 |
0 |
0 |
|a NA205
|b .R9 1981
|
| 082 |
0 |
|
|a 720/.1
|2 19
|
| 100 |
1 |
|
|a Rykwert, Joseph,
|d 1926-
|
| 245 |
1 |
0 |
|a On Adam's house in Paradise :
|b the idea of the primitive hut in architectural history /
|c Joseph Rykwert.
|
| 250 |
|
|
|a 2nd ed.
|
| 264 |
|
1 |
|a Cambridge, Mass. :
|b MIT Press,
|c 1981.
|
| 300 |
|
|
|a 250 pages :
|b illustrations ;
|c 24 cm.
|
| 336 |
|
|
|a text
|b txt
|2 rdacontent
|
| 337 |
|
|
|a unmediated
|b n
|2 rdamedia
|
| 338 |
|
|
|a volume
|b nc
|2 rdacarrier
|
| 500 |
|
|
|a Includes index.
|
| 504 |
|
|
|a Bibliography: pages 225-239.
|
| 650 |
|
0 |
|a Architecture, Primitive.
|
| 650 |
|
0 |
|a Architecture
|x Psychological aspects.
|
| 999 |
|
|
|a MARS
|
| 999 |
f |
f |
|s 7e0cc099-054c-3fbb-b9cb-bce74905b19d
|i 2d94985a-eed7-3256-bf15-e7c339e68d46
|t 0
|
| 952 |
f |
f |
|p normal
|a Texas A&M University
|b College Station
|c Sterling C. Evans Library
|d Evans: Library Stacks
|t 0
|e NA205 .R9 1981
|h Library of Congress classification
|i unmediated -- volume
|m A14806167158
|
| 998 |
f |
f |
|a NA205 .R9 1981
|t 0
|l Evans: Library Stacks
|